| 000 | 02510cam a22003975i 4500 | ||
|---|---|---|---|
| 999 |
_c27770 _d27741 |
||
| 001 | 019287539 | ||
| 003 | EG-ScBUE | ||
| 005 | 20191120100035.0 | ||
| 008 | 190605t2019 enka f b 001 0 eng d | ||
| 020 | _z9781137610874 | ||
| 040 |
_aUKOBU _beng _erda _cUKOBU _dUk _dEG-ScBUE |
||
| 082 | 0 | 4 |
_a378.170281 _bCOT _222 |
| 100 | 1 |
_aCottrell, Stella, _eauthor. |
|
| 245 | 1 | 4 |
_aThe study skills handbook / _cStella Cottrell. |
| 250 | _aFifth edition. | ||
| 264 | 1 |
_aLondon : _bRed Globe Press / Macmillan International Higher Education, _c2019. |
|
| 264 | 4 | _cc2019 | |
| 300 |
_avii, 432 pages : _billustrations (chiefly colour) ; _c28 cm. |
||
| 336 |
_atext _btxt _2rdacontent |
||
| 337 |
_aunmediated _bn _2rdamedia |
||
| 338 |
_avolume _bnc _2rdacarrier |
||
| 490 | 0 | _aMacmillan study skills | |
| 500 | _aPrevious edition : 2013. | ||
| 500 | _aFirst published in 1999. | ||
| 500 | _a"Previous editions published under the imprint PALGRAVE" -- Title page verso. | ||
| 504 | _aIncludes bibliographical references and index. | ||
| 505 | 0 | _aIntroduction -- PART A: Self Efficacy: Managing Your Success as a Student -- 1. Success as a Student -- 2. Gaining the Most From Your Course -- 3. Employability and Planning Towards Your Future --4. Successful Study: Intelligence, Strategy and Personalised Learning -- 5. The C-R-E-A-M Strategy for Learning -- 6. Time Management as a Student -- 7. Managing Stress and Wellbeing -- PART B: Academic, People and Task Management Skills -- 8. Working with Others: Collaborative Study -- 9. Developing Cultural Competence -- 10. Reading and Note-Making -- 11. Researching and Managing Information for Study -- 12. Critical Thinking -- 13. Writing at University Level -- 14. Developing Your Academic Writing --15. Writing Essays --16. Managing Assignments: Projects, Reports, Case Studies and Dissertations -- 17. Devising Your Exam Strategy --18. Memory --Appendices -- Answers to Activities --References --Index. | |
| 520 | _aFully revised for the fifth edition, it contains everything students need to succeed.This is an invaluable resource for undergraduate students of all disciplines, and is also ideal for postgraduates. | ||
| 588 | 0 | _aPrint version record. | |
| 650 | 7 |
_aStudy skills _vHandbooks, manuals, etc. _2BUEsh _94924 |
|
| 650 | 7 |
_aResearch _vHandbooks, manuals, etc. _2BUEsh _937911 |
|
| 650 | 7 |
_aTest-taking skills _vHandbooks, manuals, etc. _2BUEsh |
|
| 653 |
_bHHUUEENN _cNovember2019 _dBestSellers |
||
| 655 | _vReading book | ||
| 942 |
_2ddc _cBB |
||